000 00696nam a2200253Ia 4500
003 OSt
005 20220918164921.0
006 a|||||r|||| 00| 0
007 ta
008 220917b |||||||| |||| 00| 0 eng d
020 _a0813506611
024 _a36,540
037 _cTextual
040 _aARTS
_cARTS
_beng
041 _2eng
_aeng
082 _aO122:g, 111L1
100 _aO'Brien Justin
_921670
245 0 _aContemporary French literature ed by Leon S Roudiez
260 _aNew Brunswick
_bRutgers Univ Press
_c1971
300 _ax,300p.
_ccm.
650 _aENGLISH LITERATURE
942 _hO122:g, 111L1
_cTEXL
_2CC
999 _c127393
_d127393